[Event "Nis op"]
[Site "Nis"]
[Date "2017.07.03"]
[Round "7"]
[White "Tosic, Miroslav"]
[Black "Atalik, Suat"]
[Result "1/2-1/2"]
[WhiteElo "2405"]
[BlackElo "2525"]
[Annotator "Atalik,S"]
[PlyCount "22"]
[EventDate "2017.06.27"]
[EventType "swiss"]
[EventRounds "9"]
[EventCountry "YUG"]
[SourceTitle "CBM 180"]
[Source "ChessBase"]
[SourceDate "2017.09.13"]
[SourceVersion "1"]
[SourceVersionDate "2017.09.13"]
[SourceQuality "1"]

1. e4 c5 2. Ne2 Nc6 3. c4 {Rellstab!} e5 4. Nbc3 d6 5. d3 g6 6. g3 Bg7 7. Bg2
Nge7 8. O-O O-O 9. a3 Be6 10. Rb1 Qd7 11. b4 Nd4 (11... b6 $5) 1/2-1/2

[Event "EU-ch 2nd"]
[Site "Ohrid"]
[Date "2001.06.01"]
[Round "1"]
[White "Weiss, Christian"]
[Black "Socko, Bartosz"]
[Result "1-0"]
[WhiteElo "2368"]
[BlackElo "2554"]
[Annotator "Atlas,V"]
[PlyCount "75"]
[EventDate "2001.06.01"]
[EventType "swiss"]
[EventRounds "13"]
[EventCountry "YUG"]
[SourceTitle "CBM 084"]
[Source "ChessBase"]
[SourceDate "2001.09.13"]
[SourceVersion "1"]
[SourceVersionDate "2001.09.13"]
[SourceQuality "1"]

1. g3 g6 2. Bg2 Bg7 3. c4 c5 4. Nc3 Nc6 5. e3 e5 6. Nge2 Nge7 7. O-O d6 8. f4
O-O 9. d3 Rb8 10. Nd5 Nxd5 11. cxd5 Ne7 12. fxe5 Bxe5 13. Rb1 b5 14. e4 b4 15.
Bh6 Re8 16. Qd2 Bg4 17. Nf4 Qc8 18. h3 Bd7 19. Kh2 Kh8 20. Ne2 f6 21. Bf4 Ng8
22. b3 a5 23. d4 cxd4 24. Nxd4 Qa6 25. Rfc1 Rbc8 26. Be3 Ne7 27. Bf1 Qb7 28.
Bc4 Ng8 29. Rf1 Ra8 30. Rbc1 a4 31. Nc6 Bc3 32. Qg2 axb3 33. Bxb3 Rac8 34. Nd4
Qa6 35. Ne6 Qd3 36. Qf3 Bd2 $4 {A natural move, which turns out to be a
tactical blunder.} 37. Rxc8 Rxc8 $4 (37... Bxe3 {was more stubborn.}) {[%tqu
"En","Black's king appears to be well protected. Can you prove the opposite?",
"Use the shaky position of the black queen.","Bring your bishop into attack!",
"e3h6","That's it! The unexpected bishop thrust immediately decides the game.",
6]} 38. Bh6 $3 {[%csl Rd3,Rh8][%cal Gh6g7,Ge6g7,Gf3d3]} (38. Bh6 $3 {, and
Black resigned, as the choice between losing his queen or getting the
checkmate on g7 is not satisfactory:} Qxf3 (38... Nxh6 39. Qxd3) 39. Bg7#) 1-0

[Event "Balatonbereny GM"]
[Site "Balatonbereny"]
[Date "1995.??.??"]
[Round "6"]
[White "Landa, Konstantin"]
[Black "Malakhov, Vladimir"]
[Result "1/2-1/2"]
[WhiteElo "2515"]
[BlackElo "2510"]
[Annotator "Bangiev,A"]
[PlyCount "72"]
[EventDate "1995.08.??"]
[EventType "tourn"]
[EventRounds "11"]
[EventCountry "HUN"]
[EventCategory "11"]
[SourceTitle "CBM 050"]
[Source "ChessBase"]
[SourceDate "1996.02.01"]
[SourceVersion "1"]
[SourceVersionDate "1996.02.01"]
[SourceQuality "1"]

1. g3 c5 2. Bg2 g6 3. c4 Bg7 4. Nc3 Nc6 5. a3 {Weiß bereitet den Sprengungszug
b2-b4 vor.} Nf6 6. Rb1 {[%csl Yb4]} a5 $5 {Es ist nützlich, Weiß die
Verwirklichung seines Planes zu erschweren.} 7. d3 (7. Nh3 O-O 8. O-O Rb8 9. d3
Ne8 10. Bf4 Nc7 11. Qd2 d6 12. Bh6 Bd7 13. Bxg7 Kxg7 14. Nf4 b5 15. cxb5 Nxb5
16. e3 e6 17. Rfc1 Ne7 18. Nfe2 Qb6 19. d4 Nxc3 20. Qxc3 cxd4 21. Qxd4+ Qxd4
22. Nxd4 Rfc8 23. Rxc8 Rxc8 24. Ne2 d5 25. Rc1 Rb8 26. Rc7 Bb5 27. Nd4 Kf8 28.
e4 dxe4 29. Bxe4 Be8 30. Rb7 Rc8 {1/2-1/2 Markowski,T-Gdanski,J/Polanica Zdroj
(02) 1993}) (7. e4 d6 (7... O-O 8. Nge2 Ne8 9. d3 Nc7 10. Be3 d6 11. O-O Bd7
12. h3 Nd4 13. a4 Nxe2+ 14. Nxe2 Bc6 15. f4 Qd7 16. b3 e6 17. d4 cxd4 18. Nxd4
Na6 19. Qd2 Qc7 20. f5 exf5 21. Nxc6 bxc6 22. exf5 Be5 23. f6 Rfe8 24. Bf4 Nc5
25. Bxe5 Rxe5 26. Rbd1 Rd8 27. Qh6 Ne6 28. Bf3 d5 29. Kg2 Qd6 30. Bg4 (30. Bg4
Qf8 31. Qxf8+ Kxf8 32. cxd5 Rdxd5 33. Rxd5 Rxd5 34. Bxe6 fxe6 35. f7 Rd2+ 36.
Kg1 Rd3 37. Kg2 Rxb3 38. Rf6 Re3 39. h4 Re4 40. Rf3 {0-1 Arnason,J-Olafsson,H/
Saint Martin op(5) 1993}) 30... Qf8 31. Qxf8+ Kxf8 32. cxd5 Rdxd5 33. Rxd5 Rxd5
34. Bxe6 fxe6 35. f7 Rd2+ 36. Kg1 Rd3 37. Kg2 Rxb3 38. Rf6 Re3 39. h4 Re4 40.
Rf3 {0-1 Arnason,J-Olafsson,H/Saint Martin op(5) 1993}) 8. d3 Nd7 9. Nge2 Nb6
10. O-O f5 11. Nf4 O-O 12. exf5 Bxf5 13. h4 Qd7 14. Ncd5 Nxd5 15. Nxd5 Rae8 16.
b4 axb4 17. axb4 cxb4 18. Nxb4 Bh3 19. Nd5 Bxg2 20. Kxg2 e6 21. Nb6 Qc7 22. Be3
Nd4 23. Qg4 Qc6+ 24. Qe4 Nf5 25. Rfe1 Nxe3+ 26. Rxe3 Bd4 27. Re2 Bxb6 28. Qxc6
bxc6 29. Rxb6 Kf7 30. Rxc6 d5 31. Rc7+ Kg8 32. cxd5 exd5 33. Rxe8 Rxe8 34. Rd7
Re5 35. f4 Rf5 36. Kf3 h5 37. Ke3 {1-0 Ubilava,E-Durban,J/Sevilla op (6) 1994})
7... O-O (7... d6 8. Bd2 Rb8 9. Nf3 h5 10. O-O Bd7 11. Bg5 b6 12. Qd2 Qc8 13.
Rfc1 Bh3 14. Bh1 Ng4 15. Qe1 f6 16. Bd2 h4 17. Nd5 hxg3 18. hxg3 g5 19. b4 Qf5
20. e4 Qh7 21. Bc3 axb4 22. axb4 cxb4 23. Nxb4 Nce5 24. Bxe5 Nxe5 25. Nxe5 fxe5
26. Nd5 Qh5 27. Qe3 Bg4 28. Bg2 Bh3 29. Bxh3 Qxh3 30. Qf3 g4 31. Qg2 Qh6 32.
Rc2 {Bischoff,K-Wittmann,W/Munich zt 1987/1-0 (42)}) 8. f4 $6 $146 {Weiß
versucht seinen Einfluß im Zentrum durch die Bauernvorstöß f2-f4 zu erhölen,
bringt dieser Plan in der vorliegenden Stellung jedoch nicht den gewünschten
Erfolg.} (8. Nh3 d6 9. Nf4 Bd7 10. O-O (10. b3 Rb8 11. Nb5 Nd4 12. Nxd4 cxd4
13. O-O b5 14. Bd2 bxc4 15. bxc4 Qc7 16. Qc2 Qc5 17. Qa2 Ba4 18. Nd5 e6 19. Bb4
axb4 20. axb4 Qa7 21. Nxf6+ Bxf6 22. Bc6 Rb6 23. Bb5 Ra8 24. Ra1 Qb7 25. Bxa4
Rxb4 26. Qc2 Rb2 27. Qd1 h5 28. Re1 h4 29. gxh4 Bxh4 30. Qc1 Bf6 31. Bc6 Rxa1
32. Qxa1 Qb4 33. Bf3 Kg7 34. Rf1 Rb3 {Platonov,I-Kapengut,A/URS-ch39 Leningrad
1971/1/2-1/2 (55)}) 10... Rb8 11. Bd2 Ne8 12. Nb5 Nc7 13. Nxc7 Qxc7 14. Nd5 Qd8
15. Nc3 Na7 16. b4 axb4 17. axb4 cxb4 18. Rxb4 b5 19. cxb5 Nxb5 20. Nxb5 Rxb5
21. Rxb5 Bxb5 22. Qb3 Qd7 23. Rc1 Ba4 24. Qb4 e6 25. Bf4 d5 26. Rc7 {1/2-1/2
Hickl,J-Sosonko,G/Polanica Zdroj (10) 1993}) (8. e3 d6 9. Nge2 Ne8 (9... Bf5
10. h3 h5 11. b3 Rb8 12. Bb2 e5 13. O-O Na7 14. f4 exf4 15. Nxf4 b5 16. Qd2 Be6
17. Nce2 Bd7 18. Nc3 Be6 19. Ba1 a4 20. Nxe6 fxe6 21. b4 cxb4 22. Rxb4 bxc4 23.
Rxa4 Nb5 24. Nxb5 Rxb5 25. Rxc4 Rg5 26. Rcf4 e5 27. R4f3 Nh7 28. a4 Rgf5 29. a5
Bh6 30. Rxf5 gxf5 31. Kh1 h4 32. g4 fxg4 33. hxg4 Rxf1+ 34. Bxf1 {Hjartarson,
J-Yudasin,L/New York PCA-op (04) 1994/1/2-1/2 (47)}) 10. O-O Nc7 11. b3 Bd7 12.
h3 Rb8 13. a4 Na6 14. Bb2 Nab4 15. Nb5 Ne5 16. Nc1 Bc6 17. e4 Be8 18. f4 Nec6
19. Bxg7 Kxg7 20. Ne2 e5 21. Qd2 Nd4 22. Nbxd4 cxd4 23. g4 f6 24. Rf2 b6 25.
Rbf1 Rb7 26. Ng3 Rbf7 27. Bf3 Na6 28. Bd1 Nc5 29. h4 Qe7 30. h5 Ne6 31. hxg6
hxg6 32. f5 Nf4 33. fxg6 Kxg6 {Sitanggang,S-O'Shaughnessy,C/Moscow olm (11)
INA-IRL ;EXP 44 1994/1-0 (47)}) (8. Bg5 d6 9. Nf3 h6 10. Bd2 Be6 11. h3 {/\ e4}
(11. O-O Qd7 12. e4 Bg4) 11... d5 12. cxd5 Nxd5 13. O-O (13. Qc1 Nd4 14. Bxh6
Nb3 15. Qc2 Bxh6 16. Qxb3 Ne3 17. Qxb7 Nxg2+ 18. Kf1 Ne3+ 19. fxe3 Bxe3 $44)
13... Nd4 14. e4 Nxf3+ 15. Qxf3 Nc7 (15... Nxc3 16. bxc3 Qd7 17. Qe3 Rfd8 18.
Qxc5 Qxd3 19. Be3 Rac8 20. Qxa5 Rxc3 21. Rxb7 Rxa3 22. Qc7 Bf8 $10 {Beliavsky,A
}) 16. e5 Bf5 (16... Rb8 17. Qe3 b6 18. f4 Bb3 19. Rbc1 Ne6 20. g4 $40) 17.
Rbd1 Ne6 18. Qxb7 Rb8 19. Qa7 Bxd3 20. Bc1 c4 21. Rfe1 Nd4 (21... Kh7 22. f4
$16) 22. Nd5 Nb3 23. Nxe7+ Kh7 24. Be3 Bxe5 25. Nc6 Qf6 26. Nxe5 Qxe5 27. Bf4
Qd4 28. Bxb8 {1-0 Kasparov,G-Beliavsky,A/Reggio Emilia (6) 1991}) (8. Bd2 d6 9.
Qc1 $5) 8... d6 {[%csl Yd4,Ye5]} 9. Nf3 Ne8 {Das programmgemäße Manöver
Nf6-e8-c7 mit der Idee den Sprengungszug b7-b5 zu unterstützen beabsichtigt
mittels Nc7-e6 die Kontrolle über den Punkt d4 zu verstärken.} 10. O-O Nc7 11.
Be3 {[%csl Yd4] Weiß versucht seinen Einfluß im Zentrum durch die
Bauernvorstöß d3-d4 zu erhölen.} (11. e4 $6 Bg4 12. h3 Bxf3 13. Bxf3 Nd4 14.
Bg2 b5 $36) (11. Nd5 $6 Nxd5 12. cxd5 Nd4 13. b4 (13. Nxd4 cxd4 $15 {[%csl Yc3,
Ye3]}) 13... cxb4 14. axb4 a4 $15) (11. h3 Rb8 12. a4 (12. e4 b5 $36) 12... Nd4
(12... d5 13. cxd5 Nxd5 14. Nxd5 Qxd5 15. Ne5) 13. e3 (13. Nxd4 cxd4 14. Nd5
Na6 $15) 13... Nxf3+ 14. Qxf3 $13) 11... Nd4 $5 {Die Kontrolle über den Punkt
d4 ist eine bescheidene Aufgabe von Schwarz.} (11... Rb8 $6 12. d4 $1 cxd4 (
12... Bf5 13. Rc1 $36) 13. Nxd4 Bd7 14. Ndb5 $14) 12. Bf2 (12. b4 $2 Nxf3+)
12... Rb8 13. a4 (13. e3 Nxf3+ 14. Qxf3 b5 $36) 13... Bg4 $5 14. e3 (14. Nh4
Qd7 15. b3 e5 $36) (14. Nd2 Qd7 $15) 14... Nxf3+ 15. Bxf3 Bxf3 16. Qxf3 Qd7 $5
$36 {[%csl Yd4,Ye6,Yh3,Ra4]} 17. Nb5 (17. d4 $6 f5 $1 $15) (17. Ra1 Rfd8 18. e4
(18. Rfd1 d5 $36) 18... Ne6 $36) (17. Rfd1 $2 Bxc3 18. bxc3 Qxa4 $16) 17...
Nxb5 18. axb5 (18. cxb5 d5 19. b3 b6 $15) 18... a4 $1 {[%csl Yb3]} (18... b6 $6
19. b3 $10) 19. Qe2 (19. d4 cxd4 20. exd4 d5 $5 {[%csl Yb5]} 21. Qxd5 (21. cxd5
Qxb5 $15) 21... Qxd5 22. cxd5 Rfd8 $15 {[%csl Yb2,Yb5,Yd4,Rd5]}) 19... a3 $1 (
19... Ra8 20. Ra1 a3 21. Rxa3 Rxa3 22. bxa3 Ra8 23. Qa2 b6 24. Rb1 Ra4 $44) 20.
bxa3 Ra8 21. Rb3 (21. d4 $6 Rxa3 $36) 21... Ra4 22. Be1 (22. d4 $6 Qe6 $5 {
[%csl Ye4,Rc4,Rd4]} 23. d5 Qe4 24. Rc1 Rfa8 $17) 22... Rfa8 23. Bc3 Bxc3 24.
Rxc3 Rxa3 25. Rxa3 Rxa3 $36 {[%csl Yd3,Yd5,Ye6,Yf5,Yg4,Yh3] [#]} 26. Rd1 (26.
g4 d5 $5 $36 (26... b6 $6 27. f5 $13)) (26. e4 Qe6 27. Rd1 Qf6 $36) 26... b6 (
26... d5 $6 27. Qb2 (27. d4 $6 dxc4 $17) 27... Ra8 (27... Qg4 $2 28. Rd2) 28.
Qc2 $10) 27. g4 (27. Qg2 Qg4 $5 28. Rd2 Ra1+ 29. Kf2 Kg7 $5 (29... Rd1 30. Rxd1
Qxd1 31. Qc6 $10) (29... Qd7 30. Qc6 Qa7 $36) 30. h3 (30. Qc6 Qh3 31. Qg2 Qd7
$15) 30... Qd7 31. g4 Qa7 $15) (27. Qf3 $2 Ra2 $17) (27. e4 Qa7 28. g4 Qa5 $36)
27... Ra2 $5 (27... Qa7 $5 28. Kg2 Qa5 29. Rd2 Ra1 $36) 28. Qxa2 Qxg4+ 29. Kf2
Qxd1 30. Qa7 {[#]} Qxd3 $6 (30... Qd2+ $5 31. Kf3 Qxd3 (31... h5 32. h4 $1) (
31... Qxh2 32. Qxb6 h5 33. Qd8+ Kg7 34. Qxe7 h4 35. Qxd6 h3 36. Qe5+ Kh7 37.
Qg5 $1 Qh1+ 38. Kf2 Qh2+ $10) 32. Qxb6 Qf1+ 33. Kg3 f5 $5 34. Qd8+ (34. Qc7 Kf7
35. b6 h5 36. h4 $1 (36. b7 $2 h4+ 37. Kxh4 Qf2+ 38. Kg5 Qg2+ $19)) 34... Kf7
35. b6 h5 36. h4 $1) (30... h5 $5 31. Qxe7 (31. Qxb6 h4 32. Qd8+ Kg7 33. Qxe7
h3 $5 $17 34. Kg3 (34. Qh4 Qd2+ 35. Kf1 Qxh2 36. Qf2 Qh1+ 37. Qg1 (37. Ke2 h2
$19) 37... Qf3+ 38. Ke1 (38. Qf2 Qd1+ $19) 38... Kf8 39. b6 Ke8 $19) 34... Qf1)
(31. h4 $5 $10) 31... Qd2+ 32. Kg3 Qxd3 33. Qd8+ Kg7 34. Qxb6 Qxe3+ 35. Kg2 h4
$5 (35... Qe2+ 36. Kg3 Qg4+ 37. Kf2 Qxf4+ 38. Kg2 h4 39. Qc6 Qg4+ 40. Kf2 h3
41. b6 Qf4+ 42. Kg1 Qd4+ 43. Kf1 Qxc4+ 44. Kf2 (44. Kg1 Qe2 $19) 44... Qf4+ $17
) 36. Qxd6 h3+ 37. Kf1 Qf3+ 38. Ke1 Qh1+ 39. Kd2 Qxh2+ 40. Kc3 Qg3+ $19) 31.
Qxb6 Qxc4 32. Qc6 Qc2+ 33. Kg3 Qb3 34. b6 Qxe3+ 35. Kg2 Qe2+ 36. Kg1 Qe1+
1/2-1/2

[Event "RUS-chT 03rd"]
[Site "Kazan"]
[Date "1995.??.??"]
[Round "5"]
[White "Prokopchuk, Evgeny"]
[Black "Lukin, Andrei M"]
[Result "0-1"]
[WhiteElo "2365"]
[BlackElo "2440"]
[Annotator "Bangiev,A"]
[PlyCount "66"]
[EventDate "1995.??.??"]
[EventType "team-tourn"]
[EventRounds "9"]
[EventCountry "RUS"]
[SourceTitle "CBM 051"]
[Source "ChessBase"]
[SourceDate "1996.04.01"]
[SourceVersion "1"]
[SourceVersionDate "1996.04.01"]
[SourceQuality "1"]
[WhiteTeam "Surgut Fakel-Surgutgazprom"]
[BlackTeam "Sankt Petersburg FINEK"]
[WhiteTeamCountry "RUS"]
[BlackTeamCountry "RUS"]

1. e4 c5 2. c4 Nc6 3. Nc3 g6 4. g3 Bg7 5. Bg2 d6 6. d3 Rb8 7. Nge2 Bg4 {
Eine typische Idee. Durch Fesseln und anschließenden Abtausch des weißen
Königsspringers erhöht Schwarz seinen Einfluß auf die lebenswichtigen Felder
e5 und d4.} (7... a6 8. Rb1 b5 9. b3 Bg4 10. f3 Bd7 11. Bb2 h5 12. h3 Qc8 13.
Qd2 Nd4 14. Nxd4 Bxd4 15. Ne2 Bxb2 16. Rxb2 e5 17. f4 b4 18. fxe5 dxe5 19. Qg5
Qc7 20. Ng1 Kf8 21. Nf3 f6 22. Qe3 Kg7 23. O-O Ne7 24. Rbf2 Rhf8 25. Nh4 Qd6
26. g4 hxg4 27. hxg4 g5 28. Nf5+ Nxf5 29. exf5 Rh8 30. Be4 Rh4 31. Rh2 Rxg4+
32. Kf2 {Stankov,G-Akopian,V/Cannes op 1993/0-1 (52)}) 8. h3 $6 (8. f3 $142 Bd7
9. O-O a6) 8... Bxe2 9. Qxe2 (9. Nxe2 $6 e6 10. O-O Nge7 11. f4 O-O $132) 9...
e6 {Ein populärer Plan. Schwarz beabsichtigt, durch Nge7 und 0-0 die
Mobilisierung des Königsflügels abzuschließen und dann mit f7-f5 oder d7-d5 im
Zentrum vorzugehen.} 10. f4 Nge7 11. O-O O-O 12. g4 $6 {Zu frühzeitige
Aktivität. Weiß sollte die Mobilisierung des Damenflügels zuerst abschließen.}
(12. Bd2 $142 a6 13. b3 b5 14. Rae1) 12... f5 $1 {Dieser Zug richtet sich
gegen die Drohung 13.f5.} 13. exf5 Nd4 14. Qf2 exf5 $5 (14... gxf5 {Dies ist
auch gut möglich.} 15. g5 b5 16. Be3 Kh8 17. Rae1 $132) 15. g5 (15. Be3 b5 $132
{Ein typischer Zug, außerdem mußte Schwarz mit 15...fxg4 rechnen.} (15... fxg4
$5 {Eine scharfe Idee, frühzeitig am Königsflügel aktiv zu werden und den
wichtigen Punkt f5 zu befestigen.} 16. hxg4 h5 $5 17. gxh5 gxh5 18. Ne4 Nef5
19. Ng5 $132)) 15... b5 16. Be3 Kh8 $5 (16... b4 17. Nd5 b3 18. axb3 Rxb3 19.
Rxa7 Nec6 20. Ra2 Qb8 21. Kh1 Kh8 $44) 17. cxb5 $6 (17. h4 b4 $5 (17... bxc4 $6
18. dxc4 $14 {/\Rad1,b3}) 18. Nd5 Nxd5 19. Bxd5 b3 $5 {/\20.Nc2} 20. axb3 (20.
h5 $6 gxh5) 20... Rxb3 $36 {[%csl Rb2,Rd3]} 21. Rfd1 $6 Rxb2 $1 22. Qxb2 $6
Nf3+ 23. Bxf3 Bxb2 $17) (17. Kh1 $142 b4 (17... bxc4 18. dxc4 Qa5 {/\19...Qb4}
19. Rac1 {/\20.b3}) 18. Nd5 Nxd5 19. Bxd5 b3 20. axb3 a5 $5 $36 (20... Rxb3 21.
Rxa7)) (17. Rad1 b4 18. Nd5 Nxd5 19. Bxd5 b3 20. axb3 Rxb3 $36) 17... Nxb5 18.
Nxb5 Rxb5 {[%csl Rb2]} 19. d4 $2 (19. Rab1 $142 {/\20.b3}) 19... c4 $1 $17 {
[%csl Yd3,Yd5,Ye4] /\20..Nd5} 20. b3 cxb3 21. axb3 a5 $1 22. d5 {sonst 22...Nd5
} Nxd5 23. Bd4 Qd7 24. Rad1 Nc3 $1 25. Bxg7+ Qxg7 26. Rxd6 Rxb3 27. Qc5 Ne2+
28. Kh2 Qc3 29. Qd5 $2 (29. Qxc3+ $142 Rxc3 {[%csl Rf4]} (29... Nxc3 30. Re1 a4
31. Re7 $132) 30. Rf2 Re8 31. Bf1 Nc1 (31... Rce3 32. Ra6) 32. Ra6 Rc5) 29...
Nxf4 30. Qf3 Nxg2 31. Qxc3+ Rxc3 32. Kxg2 f4 33. Rb1 Rg3+ 0-1

[Event "Moscow"]
[Site "Moscow"]
[Date "1981.04.??"]
[Round "11"]
[White "Andersson, Ulf"]
[Black "Gheorghiu, Florin"]
[Result "1/2-1/2"]
[WhiteElo "2610"]
[BlackElo "2545"]
[Annotator "Belov,I"]
[PlyCount "113"]
[EventDate "1981.04.08"]
[EventType "tourn"]
[EventRounds "13"]
[EventCountry "URS"]
[EventCategory "15"]
[SourceTitle "MCL"]
[Source "ChessBase"]
[SourceDate "1999.07.01"]
[SourceVersion "1"]
[SourceVersionDate "1999.07.01"]
[SourceQuality "1"]

1. Nf3 c5 2. g3 g6 3. Bg2 Bg7 4. c4 Nc6 5. Nc3 e6 6. e3 Nge7 7. d4 (7. O-O O-O
8. d4) 7... cxd4 8. Nxd4 d5 9. cxd5 Nxd4 10. exd4 Nxd5 11. O-O (11. Nxd5 exd5
12. Qa4+ Qd7 $10) 11... O-O 12. Qb3 (12. Nxd5 exd5 13. Qb3 Be6 (13... Bxd4 $10)
(13... Qb6 $10) 14. Qxb7 Bxd4 15. Bf4 Qb6 16. Bxd5 Bxd5 17. Qxd5 Rfd8 18. Qf3
Bxb2 19. Rab1 Qf6 $10 {Gufeld,E-Gipslis,A/Tallin/1969/}) (12. Re1 Qb6 13. Bxd5
exd5 14. Nxd5 Qxd4 15. Qxd4 Bxd4 16. Nc7 Rb8 17. Nb5 Bb6 $1 $10 {Keene,R-Hecht,
H/Dortmund/1973/}) 12... Bxd4 $5 (12... Ne7 13. d5 exd5 14. Bg5 h6 15. Bxe7
Qxe7 16. Nxd5 Qe5 $10 {Forintos,G-Sapi,L/HUN/1969/}) 13. Nxd5 exd5 14. Bh6 Bg7
$1 (14... Re8 15. Rad1 Qf6 16. Bxd5 $16) 15. Bxg7 Kxg7 16. Bxd5 a5 $1 17. Rac1
(17. Bxb7 Bxb7 18. Qxb7 Rb8 19. Qf3 Rxb2 20. Qc3+ Qf6 21. Qxa5 Rxf2 $1 $10)
17... a4 18. Qc3+ Qf6 19. Qxf6+ Kxf6 20. Rc7 Ra5 $1 21. Rd1 (21. Bxb7 Be6 22.
a3 Ra7 $1 23. Rfc1 Rb8 $10) 21... Rb5 22. b3 axb3 23. Bxb3 Be6 $10 24. Bxe6
Kxe6 25. Rd3 $1 Rb2 26. a3 h5 $6 (26... Kf6 $142 $10) 27. Rf3 $1 $14 {>< Ke6/}
Rb6 28. Kg2 Rb5 29. h3 Rb6 30. Rc2 $1 {/\ 31.Re2 Kd7 32.Rd3 Kc7 33.Re7+/-/} f5
31. Rd3 Kf6 32. h4 (32. Rc7 $5) 32... Re8 33. Kf3 Re7 34. Rcd2 Ree6 35. Re2
Red6 36. Rxd6+ Rxd6 37. Re3 b6 38. Rb3 Re6 39. Rb4 Kf7 40. Kf4 Kf6 41. a4 Rc6
42. Ke3 Rd6 43. Rd4 Rxd4 $1 (43... Rc6 44. Kd3 Ke6 45. Rb4 $14) 44. Kxd4 Ke6
45. Kc4 Kd6 46. Kb5 Kc7 47. Ka6 f4 $1 (47... Kc6 $2 48. f4 $1 Kc7 49. Ka7 Kc6
50. Kb8 $18) 48. gxf4 Kc6 49. f3 Kc5 50. Kb7 b5 $8 51. axb5 (51. a5 $6 b4 $17)
51... Kxb5 52. Kc7 Kc5 53. Kd7 Kd4 54. Ke6 Ke3 55. Kf6 Kxf3 56. f5 gxf5 57.
Kxf5 (57. Kxf5 Ke3 58. Kg5 Ke4 59. Kxh5 Kf5 $10) 1/2-1/2

[Event "Porz op 28th"]
[Site "Cologne"]
[Date "1992.??.??"]
[Round "9"]
[White "Miezis, Normunds"]
[Black "Grigore, George Gabriel"]
[Result "0-1"]
[WhiteElo "2360"]
[BlackElo "2410"]
[Annotator "Bulletin"]
[PlyCount "193"]
[EventDate "1992.??.??"]
[EventType "swiss"]
[EventRounds "9"]
[EventCountry "GER"]
[SourceTitle "TD"]
[Source "ChessBase"]
[SourceDate "1994.03.01"]
[SourceVersion "1"]
[SourceVersionDate "1994.03.01"]
[SourceQuality "1"]

1. c4 g6 2. Nc3 Bg7 3. g3 c5 4. Bg2 Nc6 5. e4 e6 6. Nge2 Nge7 7. a3 a6 8. Rb1
Rb8 9. b4 cxb4 10. axb4 b5 11. cxb5 axb5 12. d4 d6 13. Be3 O-O 14. f4 d5 15. e5
Nf5 16. Bf2 f6 17. Qb3 Kh8 18. O-O Nh6 19. h3 Bd7 20. Na2 Rf7 21. Nac1 Qb6 22.
Nd3 Rbf8 23. Qc3 Ng8 24. Rfc1 Nge7 25. Ra1 g5 26. exf6 Rxf6 27. Ne5 Be8 28. Ra8
gxf4 29. Nxf4 Qb7 30. Nxc6 Bxc6 31. Rxf8+ Bxf8 32. Qe3 Qb8 33. Qe5 Qxe5 34.
dxe5 Rf5 35. Bc5 Be8 36. Nxe6 Bh6 37. Re1 Ng6 38. g4 Rf7 39. g5 Bg7 40. Nxg7
Kxg7 41. Bxd5 Rf5 42. Kh2 Rxg5 43. Be3 Rh5 44. Bf3 Rh4 45. Bc5 Rc4 46. Kg3 Nf4
47. Ra1 Nh5+ 48. Kh2 Rc2+ 49. Kg1 Nf4 50. Ra7+ Bf7 51. Bg4 Kg6 52. Ra6+ Kg7 {
[#]} 53. Be3 $2 (53. e6 $1 $16) 53... Rg2+ $1 54. Kh1 $2 (54. Kf1 Bc4+ 55. Ke1
Nd3+ 56. Kf1 Nf4+ $10 (56... Rxg4 $4 57. Ra7+ $1)) 54... Bd5 $1 55. Ra7+ Kg8
56. Bd7 Rg3+ 57. Kh2 Rxe3 58. Bxb5 Rxh3+ 59. Kg1 Rb3 60. Bd7 Rxb4 61. Bf5 h5
62. Kf2 Be6 63. Ra8+ Kg7 64. Ra7+ Kf8 65. Ra8+ Ke7 66. Ra7+ Kd8 67. Bxe6 Nxe6
68. Rh7 Rf4+ 69. Kg3 Rg4+ 70. Kh2 Rg5 71. Kh3 Nf4+ 72. Kh2 Ke8 73. Rh6 Ke7 74.
Rf6 Ng6 75. Kh3 Nxe5 76. Rf2 Ng6 77. Rf1 Ke6 78. Rf2 Rf5 79. Ra2 Kf6 80. Kg3
Rb5 81. Ra3 Kg5 82. Ra2 Rb3+ 83. Kh2 Nf4 84. Ra8 Kg4 85. Rg8+ Kh4 86. Ra8 Rb2+
87. Kh1 Kg4 88. Rc8 h4 89. Ra8 Nh5 90. Ra4+ Kh3 91. Kg1 Rb1+ 92. Kf2 Ng3 93.
Rc4 Rf1+ 94. Ke3 Kg2 95. Rc2+ Kg1 96. Rc4 h3 97. Rg4 0-1

[Event "Bugojno"]
[Site "Bugojno"]
[Date "1978.02.27"]
[Round "2"]
[White "Hort, Vlastimil"]
[Black "Tal, Mihail"]
[Result "1/2-1/2"]
[WhiteElo "2620"]
[BlackElo "2625"]
[Annotator "Bulletin"]
[PlyCount "25"]
[EventDate "1978.02.27"]
[EventType "tourn"]
[EventRounds "15"]
[EventCountry "YUG"]
[EventCategory "14"]
[SourceTitle "MCL"]
[Source "ChessBase"]
[SourceDate "1999.07.01"]
[SourceVersion "1"]
[SourceVersionDate "1999.07.01"]
[SourceQuality "1"]

1. c4 c5 2. Nc3 g6 3. g3 Bg7 4. Bg2 Nc6 5. e3 e6 (5... Nh6 6. Nge2 Nf5 7. b3 a6
8. Bb2 O-O 9. d3 d6 10. O-O Bd7 $10 {Andersson-Miles, Tilburg 1977}) 6. Nge2
Nge7 7. O-O O-O 8. d4 cxd4 9. Nxd4 d5 10. cxd5 Nxd4 11. exd4 Nxd5 12. Nxd5 exd5
13. Be3 1/2-1/2